Solids separation and mixing
Kaydedildi:
| Asıl Yazarlar: | , |
|---|---|
| Materyal Türü: | Kitap |
| Dil: | İngilizce |
| Baskı/Yayın Bilgisi: |
Westport
Technomic
1979
|
| Seri Bilgileri: | Process Equipment Series, 1
|
| Konular: | |
| Etiketler: |
Etiketle
Etiket eklenmemiş, İlk siz ekleyin!
|
MARC
| LEADER | 00000nam a2200000 a 4500 | ||
|---|---|---|---|
| 001 | UCV3624 | ||
| 003 | CL-VaPUC | ||
| 008 | 881202e19790000US |||||||||||||||||eng|d | ||
| 082 | 0 | 4 | |a 660.283 |b BHA |2 21 |
| 100 | 0 | |a Bhatia, Mahesh V |e author |9 297881 | |
| 700 | 0 | |a Cheremisinoff, Paul N |e author |9 297882 | |
| 245 | 1 | 0 | |a Solids separation and mixing |
| 300 | |a 303 p | ||
| 942 | |c BK | ||
| 945 | |d 19881202 00:00:00 | ||
| 260 | |a Westport |b Technomic |c 1979 | ||
| 650 | 7 | |a INGENIERIA QUIMICA |2 CL-VaPUC |9 8 | |
| 650 | 7 | |a EQUIPO Y ACCESORIOS |2 CL-VaPUC |9 297883 | |
| 650 | 7 | |a SEPARADORES MAQUINAS |2 CL-VaPUC |9 259367 | |
| 650 | 7 | |a MEZCLADORAS |2 CL-VaPUC |9 259368 | |
| 583 | |a last modification |c 19881202 00:00:00 |k Rodrigo Vera | ||
| 490 | 0 | |a Process Equipment Series, 1 | |
| 999 | |c 210775 |d 210773 | ||
| 952 | |0 0 |1 0 |4 0 |6 660_283000000000000_BHA_1979 |7 0 |8 A |9 187415 |a BIBALI |b BIBALI |c GEN |d 2019-11-14 |i 255030K |o 660.283 BHA 1979 |p 255030K |r 2025-01-20 |w 2019-11-14 |y BK |k ALI | ||
| 952 | |0 0 |1 0 |4 0 |6 660_283000000000000_BHA_1979 |7 0 |8 A |9 187416 |a BIBING |b BIBING |d 2019-11-14 |i 2550318 |o 660.283 BHA 1979 |p 2550318 |r 2025-01-20 |w 2019-11-14 |y BK |k EIB | ||